Albums de Coldplay, Muse, Placebo ou Radiohead ? - Statistiques

Statistiques générales
  • Ce quiz a été pris 169 fois
  • Le résultat moyen est 23 sur 36
Statistiques - réponses
Hint Réponse % Correct
2008 : Viva La Vida Or Death And All His Friends Coldplay
97%
1996 : Placebo Placebo
88%
1997 : OK Computer Radiohead
81%
2003 : Absolution Muse
80%
2006 : Black Holes and Revelations Muse
78%
2009 : The Resistance Muse
78%
2000 : Kid A Radiohead
75%
2015 : A Head Full Of Dreams Coldplay
73%
2001 : Origin of Symmetry Muse
73%
1999 : Showbiz Muse
72%
1993 : Pablo Honey Radiohead
70%
2007 : In Rainbows Radiohead
70%
2000 : Parachutes Coldplay
69%
1995 : The Bends Radiohead
69%
2012 : The 2nd Law Muse
68%
2018 : Simulation Theory Muse
64%
2015 : Drones Muse
62%
2001 : Amnesiac Radiohead
61%
2019 : Everyday Life Coldplay
59%
2022 : Will of the People Muse
59%
2016 : A Moon Shaped Pool Radiohead
59%
1998 : Without You I'm Nothing Placebo
58%
2021 : Music Of The Spheres Coldplay
57%
2005 : X&Y Coldplay
55%
2011 : Mylo Xyloto Coldplay
55%
2024 : Moon Music Coldplay
55%
2003 : Sleeping with Ghosts Placebo
55%
2003 : Hail to the Thief Radiohead
55%
2000 : Black Market Music Placebo
54%
2006 : Meds Placebo
53%
2011 : The King of Limbs Radiohead
52%
2009 : Battle for the Sun Placebo
48%
2013 : Loud Like Love Placebo
46%
2002 : A Rush Of Blood To The Head Coldplay
45%
2014 : Ghost Stories Coldplay
45%
2022 : Never Let Me Go Placebo
44%
Aucun quiz correspondant
Distribution des résultats
% des personnes avec chaque résultat
Percentile par nombre de réponses
Votre historique - résultats
Vous n’avez pas pris ce quiz